Guide to central excise : (Record no. 98249)
[ view plain ]
| 000 -LEADER | |
|---|---|
| fixed length control field | 01021nam a22002537a 4500 |
| 005 - DATE AND TIME OF LATEST TRANSACTION | |
| control field | 20160128093047.0 |
| 010 ## - LCCN (DPL NO) | |
| LC control number | ENG-114481-482 |
| 020 ## - INTERNATIONAL STANDARD BOOK NUMBER | |
| International Standard Book Number | 9789351434658 (set of 2 vols.) |
| Terms of availability | 4750.00 (set price) |
| 020 ## - INTERNATIONAL STANDARD BOOK NUMBER | |
| International Standard Book Number | 9789351434771(v.1) |
| Terms of availability | 4750.00 (set price) |
| 020 ## - INTERNATIONAL STANDARD BOOK NUMBER | |
| International Standard Book Number | 9789351434788(v.2) |
| Terms of availability | 4750.00 (set price) |
| 035 ## - SYSTEM CONTROL NUMBER | |
| System control number | EN-98013-014 |
| 037 ## - SOURCE OF ACQUISITION | |
| Source of stock number/acquisition | DBAD/PUB |
| 082 ## - DEWEY DECIMAL CLASSIFICATION NUMBER | |
| Classification number | 343.54055 |
| 100 ## - MAIN ENTRY--PERSONAL NAME | |
| Personal name | Datar, Arvind P. |
| 245 ## - TITLE STATEMENT | |
| Title | Guide to central excise : |
| Statement of responsibility, etc | by Arvidnd P. Datar [and] Abhishek A. Rastogi |
| Remainder of title | law & practice / |
| 250 ## - EDITION STATEMENT | |
| Edition statement | 7th ed |
| 260 ## - PUBLICATION, DISTRIBUTION, ETC. (IMPRINT) | |
| Place of publication, distribution, etc | Gurgaon |
| Name of publisher, distributor, etc | LexisNexis |
| Date of publication, distribution, etc | 2015 |
| 270 ## - ADDRESS | |
| Address | 14th Floor, Building No.10, Tower-B, DLF Cyber City, Phase-II |
| City | Gurgaon |
| Postal code | 122002 |
| 300 ## - PHYSICAL DESCRIPTION | |
| Extent | 2V.(xxx,2046p.; ccclii,2047-3052,149p.) |
| Dimensions | 25cm(Hb) |
| 500 ## - GENERAL NOTE | |
| General note | Includes index |
| 505 ## - FORMATTED CONTENTS NOTE | |
| Formatted contents note | v.1 the central excise act, 1944 with relevant rules. <br/>v.2 the central excise tariff act, 1985 with relevant allied acts & rules |
| 700 ## - ADDED ENTRY--PERSONAL NAME | |
| Personal name | Rastogi, Abhishek A. |
| 942 ## - ADDED ENTRY ELEMENTS (KOHA) | |
| Source of classification or shelving scheme | Dewey Decimal Classification |
| Item type | English Books |
| Call number suffix | DAT |
| Classification part | 343.54055 |
| Withdrawn status | Lost status | Materials specified (bound volume or other part) | Not for loan | Collection code | Home library | Current library | Date acquired | Source of acquisition | Cost, normal purchase price | Full call number | Barcode | Copy number | Cost, replacement price | Koha item type |
|---|---|---|---|---|---|---|---|---|---|---|---|---|---|---|
| v.1 | Not For Loan | Non-fiction | D.B.Act.Division | D.B.Act.Division | 19/11/2015 | DBAD/PUB | 4750.00 | 343.54055 DAT | EN-98013 | 1 | 4750.00 | English Books | ||
| v.2 | Not For Loan | Non-fiction | D.B.Act.Division | D.B.Act.Division | 19/11/2015 | DBAD/PUB | 4750.00 | 343.54055 DAT | EN-98014 | DBAD/PUB | 4750.00 | English Books |
